| 000 | 01539nam a2200361Ia 4500 | ||
|---|---|---|---|
| 001 | ebr10273837 | ||
| 003 | CaPaEBR | ||
| 006 | m u | ||
| 007 | cr cn||||||||| | ||
| 008 | 081104s2009 enk sb 001 0 eng d | ||
| 010 | _z 2008047414 | ||
| 020 | _z9780754665519 (alk. paper) | ||
| 020 | _z0754665518 (alk. paper) | ||
| 040 |
_aCaPaEBR _cCaPaEBR |
||
| 035 | _a(OCoLC)646793710 | ||
| 050 | 1 | 4 |
_aPR3001 _b.P63 2009eb |
| 100 | 1 |
_aPlatt, Peter G., _d1961- |
|
| 245 | 1 | 0 |
_aShakespeare and the culture of paradox _h[electronic resource] / _cPeter G. Platt. |
| 260 |
_aFarnham, England ; _aBurlington, VT : _bAshgate, _cc2009. |
||
| 300 | _aix, 251 p. | ||
| 490 | 1 | _aStudies in performance and early modern drama | |
| 504 | _aIncludes bibliographical references (p. [207]-237) and index. | ||
| 533 |
_aElectronic reproduction. _bPalo Alto, Calif. : _cebrary, _d2011. _nAvailable via World Wide Web. _nAccess may be limited to ebrary affiliated libraries. |
||
| 600 | 1 | 0 |
_aShakespeare, William, _d1564-1616 _xCriticism and interpretation. |
| 600 | 1 | 0 |
_aShakespeare, William, _d1564-1616 _xPhilosophy. |
| 600 | 1 | 0 |
_aShakespeare, William, _d1564-1616 _xKnowledge _xContributions in logic. |
| 650 | 0 | _aParadox in literature. | |
| 650 | 0 | _aPerspective (Philosophy) | |
| 655 | 7 |
_aElectronic books. _2local |
|
| 710 | 2 | _aebrary, Inc. | |
| 830 | 0 | _aStudies in performance and early modern drama. | |
| 856 | 4 | 0 |
_uhttp://site.ebrary.com/lib/rucke/Doc?id=10273837 _zAn electronic book accessible through the World Wide Web; click to view |
| 999 |
_c6420 _d6420 |
||